|
|
|
|
| LEADER |
00000cam a2200000 c 4500 |
| 001 |
151206112 |
| 003 |
DE-627 |
| 005 |
20250923173817.0 |
| 007 |
tu |
| 008 |
940501s1535 sz ||||| 00| ||lat c |
| 026 |
|
|
|e odut 9.X. emi- enin 3 1535R
|2 fei
|
| 026 |
|
|
|e edut 9.9. emi- enin 3 1535R
|2 fei
|
| 035 |
|
|
|a (DE-627)151206112
|
| 035 |
|
|
|a (DE-576)9151206110
|
| 035 |
|
|
|a (DE-599)GBV151206112
|
| 035 |
|
|
|a (OCoLC)257493093
|
| 035 |
|
|
|a (ST16)SBB16
|
| 040 |
|
|
|a DE-627
|b ger
|c DE-627
|e rakwb
|
| 041 |
|
|
|a lat
|h ger
|
| 044 |
|
|
|c XA-CH
|
| 084 |
|
|
|a 1
|2 ssgn
|
| 084 |
|
|
|a 11.58
|2 bkl
|
| 084 |
|
|
|a 11.97
|2 bkl
|
| 100 |
1 |
|
|0 (DE-588)118517384
|0 (DE-627)135566819
|0 (DE-576)16047986X
|4 aut
|a Bullinger, Heinrich
|d 1504-1575
|
| 109 |
|
|
|a Buellinger, Heinrich 1504-1575
|a Bullinger, Enrico 1504-1575
|a Ha in li hi Bul ling geo 1504-1575
|a Bullynger, Heinrich 1504-1575
|a Athanasius, Alexander 1504-1575
|a Florens, Octavius 1504-1575
|a Bullinger, Heinrych 1504-1575
|a Bullinger, Heinrich der Ältere 1504-1575
|a Bullinger, Heinrich 1504-1575
|a Bullinger, Henry 1504-1575
|a Bullingero, Enrico 1504-1575
|a Bullingerus, Henricus 1504-1575
|a Bullingerus, Henrycus 1504-1575
|a Bulinger, Henri 1504-1575
|a Bullinger, Henricus 1504-1575
|a Bulinger, Henry 1504-1575
|a Bullinger, Henrik 1504-1575
|a Bulingerus, Heinricus 1504-1575
|a Bullinger, Johann Heinrich 1504-1575
|a Bullingere, Henry 1504-1575
|a Bulliger, Henry 1504-1575
|a Bullingerus, Heinrychus 1504-1575
|a Bullingeri, Heinrychi 1504-1575
|a Bul ling geo, Ha in li hi 1504-1575
|
| 240 |
1 |
0 |
|a Von dem unverschampten fräfel, ergerlichem verwyrren, unnd unwarhafftem leeren, der selbsgesandten Widertöuffern, vier gespräch Bücher <lat.>
|
| 245 |
1 |
0 |
|a Adversvs Omnia Catabaptistarvm Prava Dogmata Heinrychi Bullingeri lib. IIII.
|c per Leonem Iudæ aucti adeò ut priorem æditionem uix agnoscas
|
| 246 |
1 |
|
|i Ansetzungssachtitel
|a Adversus omnia Catabaptistarum prava dogmata libri IIII
|
| 246 |
3 |
0 |
|a Katabaptistarum libri quattuor IV 4 unverschämten Frevel ärgerlichem verwirren unwahrhaftem Lehren selbstgesandten Wiedertäufern Wiedertäufer Gesprächbücher
|
| 264 |
|
1 |
|a Tiguri
|b Froschauer
|c 1535
|
| 300 |
|
|
|a [8], 197 Bl
|c 8°
|
| 336 |
|
|
|a Text
|b txt
|2 rdacontent
|
| 337 |
|
|
|a ohne Hilfsmittel zu benutzen
|b n
|2 rdamedia
|
| 338 |
|
|
|a Band
|b nc
|2 rdacarrier
|
| 500 |
|
|
|a Autopsie und Fingerprint nach Ex. der JALB Emden
|
| 500 |
|
|
|a Signaturformel: a-z8 A-B8 C6(C6 blanco)
|
| 500 |
|
|
|a Vorlageform der Veröffentlichungsangabe: Tigvri Apvd Christophervm Froschovervm
|
| 510 |
3 |
|
|a VD16 B 9759
|
| 510 |
3 |
|
|a Index Aureliensis 127.204
|
| 510 |
3 |
|
|a Staedtke 29
|
| 510 |
3 |
|
|a Hillerbrand 3601
|
| 655 |
|
7 |
|a Streitschrift:theol
|0 (DE-627)096633131
|2 local
|
| 689 |
0 |
0 |
|d s
|0 (DE-588)4059758-1
|0 (DE-627)104131446
|0 (DE-576)209132159
|2 gnd
|a Theologie
|
| 689 |
0 |
1 |
|d s
|0 (DE-588)4030720-7
|0 (DE-627)104814403
|0 (DE-576)208988815
|2 gnd
|a Kirchengeschichte
|
| 689 |
0 |
|
|5 (DE-627)
|
| 700 |
1 |
|
|0 (DE-588)118558528
|0 (DE-627)149121237
|0 (DE-576)168117576
|4 oth
|a Jud, Leo
|d 1482-1542
|
| 700 |
1 |
2 |
|a Bullinger, Heinrich
|d 1504-1575
|t Von dem unverschampten fräfel, ergerlichem verwyrren, unnd unwarhafftem leeren, der selbsgesandten Widertöuffern, vier gespräch Bücher <lat.>
|
| 700 |
1 |
|
|0 (DE-588)119452855
|0 (DE-627)337371970
|0 (DE-576)212605461
|4 prt
|a Froschauer, Christoph
|d 1490-1564
|
| 751 |
|
|
|a Zürich
|4 pup
|
| 935 |
|
|
|a JALB
|a mteo
|
| 935 |
|
|
|e VD16 B 9759
|
| 935 |
|
|
|e Index Aureliensis 127.204
|
| 935 |
|
|
|e Staedtke 29
|f b
|
| 935 |
|
|
|e Hillerbrand 3601
|f b
|
| 936 |
b |
k |
|a 11.58
|j Sonstige christliche Gemeinschaften
|q ARK
|0 (DE-627)106419684
|
| 936 |
b |
k |
|a 11.97
|j Neue religiöse Bewegungen
|j Sekten
|q ARK
|0 (DE-627)181570408
|
| 951 |
|
|
|a BO
|
| ELC |
|
|
|b 1
|
| LOK |
|
|
|0 000 xxxxxcx a22 zn 4500
|
| LOK |
|
|
|0 001 4489695527
|
| LOK |
|
|
|0 003 DE-627
|
| LOK |
|
|
|0 004 151206112
|
| LOK |
|
|
|0 005 20240912102646
|
| LOK |
|
|
|0 008 240221||||||||||||||||ger|||||||
|
| LOK |
|
|
|0 040
|a DE-Tue135
|c DE-627
|d DE-Tue135
|
| LOK |
|
|
|0 092
|o n
|
| LOK |
|
|
|0 852
|a DE-Tue135
|
| LOK |
|
|
|0 852 1
|9 00
|
| LOK |
|
|
|0 866
|x SPQUE#Johannes a Lasco Bibliothek
|
| LOK |
|
|
|0 935
|a RFBW
|a bips
|a JALB
|
| LOK |
|
|
|0 939
|a 21-02-24
|b l01
|
| ORI |
|
|
|a SA-MARC-ixtheoa001.raw
|
| STA |
0 |
0 |
|a Church history studies,Church,Church history,Church history,Theology,Theology
|
| STB |
0 |
0 |
|a Histoire de l’Église,Histoire de l’Église,Histoire du christianisme (discipline),Histoire du christianisme,Théologie,Théologie
|
| STC |
0 |
0 |
|a Historia eclesiástica,Historia eclesiástica,Historia eclesiástica,Teología,Teología
|
| STD |
0 |
0 |
|a Storia della Chiesa,Storia della Chiesa,Teologia,Teologia
|
| STE |
0 |
0 |
|a 教会历史研究,教会,神学家
|
| STF |
0 |
0 |
|a 教會歷史研究,教會,神學家
|
| STG |
0 |
0 |
|a História eclesiástica,História eclesiástica,Teologia,Teologia
|
| STH |
0 |
0 |
|a Богословие (мотив),Богословие,История церкви (дисциплина),История церкви
|
| STI |
0 |
0 |
|a Εκκλησιαστική Ιστορία (μάθημα),Εκκλησιαστική Ιστορία,Θεολογία (μοτίβο),Θεολογία
|
| SYG |
0 |
0 |
|a Christliche Theologie , Kirche
|